000 00342nam a2200145Ia 4500
008 150201s1998 xx 000 0 und d
082 _a610
_bH1998B
100 _aBARBARA J.BAIN
245 _aHAEMATOLOGY
250 _a1ST
260 _bCHURCHILL LIVINGSTONE
_aEDINBURGH
_c1998
300 _a1-109
650 _aHAEMATOLOGY
942 _2ddc
_cBK
999 _c2759
_d2759